Kluby piłkarskie danych miejscowości #2 - Statystyki

Ogólne statystyki
  • Ten quiz został rozwiązany 85 razy
  • Średni wynik to 6 z 15
Statystyki odpowiedzi
Miasto Klub % Poprawnych
Wodzisław Śląski Odra
80%
Świnoujście Flota
79%
Ostrowiec Świętokrzyski KSZO
76%
Przemyśl Czuwaj/Polonia
51%
Dzierżoniów Lechia
49%
Iława Jeziorak
47%
Opoczno Ceramika
43%
Wieliczka Górnik
43%
Kościerzyna Kaszubia
25%
Żywiec Góral
23%
Kędzierzyn-Koźle Chemik
20%
Malbork Pomezania
16%
Piotrków Trybunalski Concordia
13%
Szczecinek Wielim
9%
Sokołów Podlaski Podlasie
3%
Nie znaleziono quizów pasujących do podanych kryteriów
Rozkład punktacji
Procent ludzi z każdym wynikiem
Percentyl według liczby udzielonych odpowiedzi
Twoja historia wyników
Nie rozwiązałeś tego quizu